[Event "George Trundle Masters 2018"]
[Site "Auckland NZL"]
[Date "2018.07.13"]
[Round "7"]
[White "Wallis, Christopher"]
[Black "Gong, Daniel Hanwen"]
[Result "0-1"]
[WhiteElo "2320"]
[BlackElo "2319"]
[PlyCount "110"]
[EventDate "2018.??.??"]

1. d4 Nf6 2. c4 g6 3. Nc3 Bg7 4. e4 d6 5. Nf3 O-O 6. Be2 e5 7. O-O Na6 8. Be3
c6 9. d5 Ng4 10. Bg5 f6 11. Bc1 (11. Bd2 f5 12. Ne1 (12. Ng5 Nf6 13. exf5 gxf5
14. f4 e4 15. Be3 c5) 12... Nf6 13. f3 f4 14. Nd3 c5 15. a3 Nh5 {This is the
kind of thing Daniel likes, just send the pieces and pawns over to the King})
11... c5 12. a3 f5 13. Ng5 Nh6 14. b4 (14. exf5 gxf5 15. Qc2 Qf6 16. h4 Nc7 17.
Bh5 b6 18. Re1 Ba6 19. b3 b5 20. Nxh7 Qxh4 21. Nxf8 Qxh5 22. Bxh6 Qxh6 23. cxb5
Bb7 24. Nd7 Rd8 25. Nxc5 dxc5 26. Qxf5 {Long line, but White is better and no
kingside attacks to worry about. The Nxh7 line is not even necessary if the
final position is not to the liking.}) 14... f4 15. Ne6 Bxe6 16. dxe6 Nc7 17.
Nb5 Nxe6 18. Nxd6 b6 {Diagram #} 19. Qd5 $2 (19. Nb5 Nf7 20. Rb1 Nd4 21. bxc5
bxc5 22. Nxd4 cxd4 23. a4 {Position is equal, now White goes downhill.}) 19...
Qe7 20. bxc5 bxc5 $2 (20... Rad8 21. Rb1 Nf7 22. cxb6 Rxd6 23. Qa5 axb6 24.
Rxb6 Nd4 {White is a cold piece down and losing, the pawns will drop.}) 21. Rb1
$2 {White had to get the piece out.} (21. Nb5 Rad8 22. Qc6 Nd4 23. Nxd4 exd4
24. Rb1 (24. Bd3 $2 Ng4 25. Qa4 Nxh2 26. Kxh2 Qh4+ 27. Kg1 f3 28. gxf3 Rxf3)
24... d3 25. Bf3 d2 26. Bb2 Bxb2 27. Rxb2 Nf7 28. Rd1 Ne5 {
Black is better, but White is in the game}) 21... Rfd8 22. Rd1 Nf7 $2 (22...
Bf8 23. Qc6 Nd4 24. Rxd4 cxd4 25. c5 Rab8 {
This will win much quicker than the game.}) 23. Bg4 Neg5 24. h4 Qxd6 25. hxg5
Qxd5 26. Rxd5 (26. exd5 Nxg5 27. Rb7 h5 28. Be2 Rdb8 29. Rc7 Rc8 30. d6 Bf6 {
A pawn down, but the d pawn makes life difficult for Black}) 26... Nxg5 27. f3
h5 28. Bd7 Rab8 29. Rb2 Nf7 30. Rbd2 $5 {Giving away the b file is not a good
plan, things start going wrong for White now.} Rb1 31. Rd1 Kf8 32. Ba4 Rxd5 33.
cxd5 Ke7 34. Bc2 Rb8 35. a4 Kd7 36. Rd3 Bf8 37. Rc3 Bd6 38. Ba3 c4 39. a5 Bxa3
40. Rxa3 Nd6 41. Ra2 g5 42. Kf2 g4 43. g3 Rf8 44. Bd1 fxg3+ 45. Kxg3 Rf4 46.
Rh2 gxf3 47. Bxf3 h4+ 48. Rxh4 Rxh4 49. Kxh4 c3 50. Bd1 Nc4 51. Kg3 Na3 52. Kf2
c2 53. Bxc2 Nxc2 54. Ke2 Nd4+ 55. Kd3 Nb3 0-1

[Event "George Trundle Masters 2018"]
[Site "Auckland NZL"]
[Date "2018.07.14"]
[Round "8"]
[White "Sareen, Vishal"]
[Black "Gong, Daniel Hanwen"]
[Result "1-0"]
[WhiteElo "2346"]
[BlackElo "2319"]
[PlyCount "95"]
[EventDate "2018.??.??"]

1. d4 Nf6 2. c4 d6 3. Nc3 g6 4. e4 Bg7 5. f3 O-O 6. Nge2 {
Not the most popular move, but is hot move with all the top players.} c5 7. d5
Nbd7 8. Ng3 Rb8 (8... Ne5 9. Be2 h5 10. f4 Neg4 11. h3 Nh6 12. O-O e6 13. dxe6
fxe6 14. Be3 Nf7 15. Qd2 Bd7 16. Bd3 Bc6 {This is how to play this kind of
line, the Queenside play is too slow and not very successful at the top level.}
) 9. Be2 a6 10. a4 Ne8 11. f4 e6 12. O-O exd5 13. cxd5 Nc7 14. Be3 b5 15. Qd2 {
So we are basically in a full blown Benoni. The rule with this opening is
Black must play actively at every opportunity. Trying to defend e5 is not
possible, you must point White's eyes to the queenside.} Re8 (15... bxa4 16.
Rxa4 Nb5 17. Ra2 Nb6 18. Bd3 Re8 {
This gives Black a lot more breathing room than the immediate Re8.}) 16. e5
dxe5 17. f5 b4 (17... bxa4 18. d6 Nb5 19. Nce4 Rf8 20. Bh6 (20. Nxc5 Nd4 21.
Nxa4 Nb3) 20... f6 21. Rxa4 Nd4 {Again Black is well in the game. Daniel does
not appreciate the dynamics of the opening and his position goes bad fast.})
18. Nce4 Nb6 19. d6 Ncd5 20. Bh6 $2 (20. Bg5 f6 21. a5 fxg5 22. axb6 Nf4 23.
fxg6 hxg6 24. Bxa6 Qxb6 25. Bc4+ {The pawn deficit means nothing, it's the
pawn on d6 that is key. Daniel gets a chance to recover.}) 20... Nf4 21. Bxg7
Kxg7 22. f6+ Kg8 {Diagram #} 23. Rxf4 $1 {
Back on track again, masters look for these type of Exchange sacrifices.} exf4
24. Qxf4 Re6 (24... Nd5 25. Qg5 Rxe4 26. Nxe4 Bf5 27. Ng3 Be6 28. Bxa6 Qxf6 29.
Qxf6 Nxf6 {White is still better, it's the a4 pawn that is the key now.}) 25.
Rf1 $2 {Not the best, White needs to get on with it.} (25. Nf5 Rxe4 (25... Nd5
26. Qh6 Qf8 27. Ne7+ Nxe7 28. Qxf8+ Kxf8 29. dxe7+ Ke8 30. Rd1 Bd7 31. Bg4 Rxe7
32. Nd6+ Kf8 33. fxe7+ Kxe7 34. Bxd7 Kxd7) 26. Ne7+ Kf8 27. Qxe4 Qxd6 28. Rd1
Qxf6 29. Rd8+ Kg7 30. Rg8+ Kh6 31. Rxg6+ fxg6 32. Ng8+) 25... Qf8 $2 (25... Bb7
26. Ng5 Rxe2 27. Nxe2 Nd5 28. Qh4 h5 {Note how in each of the lines, Black
getting back into the game meant sacrificing the Exchange back. The White
pieces were too dominant and Black had to reduce the pressure.}) 26. Nxc5 Nd5
27. Nxe6 Nxf4 28. Nxf8 Nxe2+ 29. Nxe2 Kxf8 {There was no salvation in this
endgame, Black is just a cold pawn down in a worse position - Sareen calmly
takes the point.} 30. Rc1 Bd7 31. a5 Rd8 32. Ng3 Bb5 33. Ne4 Ke8 34. Rc7 Rd7
35. Rc8+ Rd8 36. Rxd8+ Kxd8 37. Nc5 h6 38. h4 h5 39. Kf2 Kc8 40. g3 Kd8 41. Ke3
Ke8 42. Kd4 Kd8 43. Kd5 Kc8 44. Ne4 Kd8 45. Ng5 Be8 46. Nf3 Bb5 47. Ne5 Ke8 48.
b3 1-0

[Event "George Trundle Masters 2018"]
[Site "Auckland NZL"]
[Date "2018.07.15"]
[Round "9"]
[White "Polishchuk, Kirill"]
[Black "Wohl, Aleksandar H"]
[Result "0-1"]
[WhiteElo "2128"]
[BlackElo "2335"]
[PlyCount "75"]
[EventDate "2018.??.??"]

1. e4 e5 2. Nf3 Nc6 3. Nc3 g6 4. Bc4 {This is too slow and Black gets what he
wants, Kirill needs to take advantage of Blacks time wasting} (4. h4 h6 5. h5
g5 6. d4 exd4 7. Nxd4 Bg7 8. Be3 {
Now this is a better position for White to play.}) 4... Bg7 5. d3 h6 6. Be3 Nf6
7. h3 d6 8. a3 Nd7 {Diagram #This is not what you want against an experienced
titled player, White has no play, his pieces are all on good squares, but he
will start getting pushed back and lose - do not play like this.} 9. O-O Nd4
10. Nb5 Nxb5 11. Bxb5 c6 12. Bc4 O-O 13. Nh2 Kh7 14. f4 exf4 15. Bxf4 Nb6 16.
Rb1 d5 17. exd5 Nxd5 {
Diagram #Compare this position to move 8, Black is in control.} 18. Bd2 Be6 19.
Qf3 Qh4 20. Ng4 f5 21. Nh2 b5 22. Bb3 Bxb2 {
A small combination wins a pawn, it happens against these guys...} 23. Rxb2
Qd4+ 24. Qf2 Qxb2 25. Re1 Qf6 26. Qc5 Bg8 27. Nf3 Rfe8 28. Rxe8 Rxe8 29. Kh1 g5
30. Nd4 f4 31. Nxc6 f3 32. Qxa7+ Kg6 33. Qf2 fxg2+ 34. Qxg2 Qxc6 35. c4 Ne7 36.
Qxc6+ Nxc6 37. cxb5 Bxb3 38. bxc6 {Rook up should be enough to win} 0-1

[Event "George Trundle Masters 2018"]
[Site "Auckland NZL"]
[Date "2018.07.15"]
[Round "9"]
[White "Gong, Daniel Hanwen"]
[Black "Hague, Ben"]
[Result "0-1"]
[WhiteElo "2319"]
[BlackElo "2356"]
[PlyCount "138"]
[EventDate "2018.??.??"]

1. e4 c5 2. Nf3 Nc6 3. Nc3 e5 4. Bc4 Be7 5. d3 Nf6 6. O-O O-O 7. Ng5 h6 8. f4 {
Ed: The same idea as in Hague-Sareen in round 1, and the identical position to
Gong-Hague in the Trustsreport} exf4 9. Nf3 d6 10. Bxf4 Be6 11. Nd5 Nb4 12.
Nxb4 {Ed: The first deviation from Gong-Hague at the Trusts} cxb4 13. Bxe6 fxe6
14. Qd2 {Only one game in my database here and 14...e5 was played.} a5 (14...
e5 15. Bg3 a5 16. Nh4 Nxe4 $4 (16... Nh5 17. Rxf8+ Qxf8 18. Rf1 Qd8 19. Nf5
Nxg3 20. Nxg3 Qb6+ 21. Kh1 Rf8 {
Position is dead even, White can't get to the d6 pawn.}) 17. Rxf8+ Kxf8 18.
dxe4 Bxh4 19. Bxh4 Qxh4 20. Qd5 Re8 21. Rf1+ Ke7 22. Rf7+ Kd8 23. Qxd6+ {
1-0 Kovalev-Sveshnikov Latvia 2014}) 15. Kh1 Rc8 16. e5 Nd5 {Diagram #} 17.
Bxh6 {This got Ben thinking, I think originally he thought it was not possible
due to taking and playing Nf4, but White can just kick it with g3... 1} gxh6
18. Qxh6 Qe8 19. Ng5 Bxg5 20. Qxg5+ Kh7 21. Qh4+ (21. exd6 Qg6 22. Qh4+ Qh6 23.
Qe4+ Kg7 24. Rae1 Rxf1+ 25. Rxf1 Rf8 26. Qe5+ Kg8 {
The position is equal - Black's King can't get safe}) 21... Kg7 22. Rxf8 Qxf8
23. Qg4+ Kh8 24. Qh3+ Kg7 25. Qxe6 Nf4 26. Qd7+ Kh8 27. Rf1 dxe5 28. g3 Rxc2
29. gxf4 Qh6 30. Qe8+ {Diagram #Again the position is equal and the active
Black Rook ensures Ben stays in the game. I suspect Daniel thought he was
winning and keeps trying.} Kh7 31. Qf7+ Kh8 32. Qe8+ Kh7 33. Qe7+ Kh8 $2 (33...
Qg7 34. Qxg7+ Kxg7 35. Rg1+ Kf6 36. fxe5+ Kxe5 37. Rg5+ Kf4 38. Rxa5 Rxb2 39.
Rb5 Rxa2 40. Rxb4+ Kf3 41. Rb1 Rd2 {The active Black King saves Black.}) 34.
Qxe5+ Kh7 35. Qe4+ Kh8 36. Rf2 {Diagram #} Qh3 $4 37. Rg2 (37. Qd4+ Kh7 38.
Rxc2 Qf3+ 39. Rg2 Qd1+ 40. Qg1 {Game over}) 37... Rxg2 38. Qxg2 Qxd3 39. Qf2
Qd5+ 40. Kg1 Qxa2 41. Qd4+ Kh7 42. Qd7+ Kh6 43. Qd6+ Kg7 44. Qe5+ Kh7 45. Kg2
Qb3 46. Qc7+ Kh8 47. Qe5+ Kh7 48. f5 Qc2+ 49. Kg3 Qb3+ 50. Kf4 Qc4+ 51. Ke3 a4
52. f6 Kg6 53. Qe8+ (53. h4 Qc1+ 54. Kf2 Qc2+ 55. Ke3 Qc1+ {
Draw - White is mesmerised thinking it's still winning}) 53... Kxf6 54. Qxa4
Qc1+ 55. Ke4 Qxb2 56. Qa5 Qe2+ 57. Kd4 Qb2+ 58. Ke4 Qc2+ 59. Kd4 Qc3+ 60. Ke4
Qc4+ 61. Ke3 b3 62. Qd8+ Kg6 63. Qd6+ Kh5 64. Qe5+ Kg6 65. Qd6+ Kg7 66. Qe7+
Qf7 67. Qg5+ Kf8 68. Qc5+ {Diagram #} Qe7+ 69. Kd4 {A horrendous blunder,
Daniel had lost the thread - he was deceived into continuing to try and when
the draw should have been accepted.} Qxc5+ {Great fighting spirit by Ben, had
his luck, but still a well-deserved win and his 2nd IM norm. 0-1} 0-1